[Event "Julian Mazur Memorial"]
[Site "Wellington Chess Club"]
[Date "2019.08.29"]
[Round "5.21"]
[White "Singh, Amrit"]
[Black "Kibblewhite, Daniel"]
[Result "1/2-1/2"]
[WhiteElo "1000"]
[BlackElo "1537"]

1. d4 d5 2. e3 Nf6 3. h3 Bf5 4. Nf3 Nbd7 5. Nc3 c5 6. dxc5 Nxc5 7. Bb5+ Bd7 8.
Nd4 Bxb5 9. Ncxb5 e5 10. Nf5 Qd7 11. b4 Qxb5 12. bxc5 Bxc5 13. a4 Qd7 14. Nxg7+
Kf8 15. Nh5 Qf5 16. Nxf6 Qxf6 17. Qxd5 Bb4+ 18. Kf1 Rd8 19. Qf3 Qxf3 20. gxf3
Rd1+ 21. Kg2 Rg8+ 22. Kh2 Rxh1+ 23. Kxh1 Be1 24. Ba3+ Ke8 25. Rxe1 Kd7 26. Rd1+
Ke6 27. e4 f5 28. Rd6+ Ke7 29. exf5 Kf7 30. Rd7+ Kf6 31. Rxh7 Kxf5 32. Rxb7 a6
33. Ra7 Kf4 34. Rf7+ Kg5 {Moves not recorded from here - ended as a stalemate!}
1/2-1/2

[Event "Julian Mazur Memorial"]
[Site "Wellington Chess Club"]
[Date "2019.08.29"]
[Round "5.22"]
[White "Shepherd, Blake"]
[Black "Dunlop, Rafe"]
[Result "1-0"]
[WhiteElo "1000"]
[BlackElo "1246"]

1. d4 d5 2. c4 e6 3. Nc3 Nf6 4. Nf3 Nc6 5. Bg5 Be7 6. e3 O-O 7. Be2 b6 8. O-O
Qd7 9. Ne5 Nxe5 10. dxe5 Ne8 11. Bxe7 Qxe7 12. cxd5 exd5 13. Nxd5 Qxe5 14. Bf3
Rb8 15. Qd4 Qxd4 16. exd4 Bb7 17. Rac1 Bxd5 18. Bxd5 Nf6 19. Bf3 c5 20. dxc5
bxc5 21. Rxc5 Rxb2 22. Ra5 Rfb8 23. Rxa7 Kf8 24. a4 Nd7 25. Rxd7 Ra2 26. Bd5
1-0

[Event "Julian Mazur Memorial"]
[Site "Wellington Chess Club"]
[Date "2019.09.05"]
[Round "6.1"]
[White "Ker, Anthony"]
[Black "Dive, Russell"]
[Result "0-1"]
[WhiteElo "2451"]
[BlackElo "2410"]

1. e4 e5 2. Nf3 Nf6 3. Nxe5 d6 4. Nf3 Nxe4 5. Nc3 Nxc3 6. dxc3 Be7 7. Be3 Nd7
8. Qd2 O-O 9. O-O-O Nc5 10. Nd4 Ne4 11. Qe1 d5 12. f3 Nd6 13. h4 Re8 14. Qf2
Bd7 15. Kb1 a5 16. g4 b5 17. Nb3 Nc4 18. Rxd5 Nxe3 19. Qxe3 Bd6 20. Qf2 Qb8 21.
Bg2 b4 22. cxb4 Qxb4 23. a3 Qc4 24. Qd4 Qe2 25. Qd2 a4 26. Nc1 Qa6 27. Qd3 Qb7
28. Rd1 Bc6 29. Rh5 g6 30. Rg5 Be5 31. c3 Rab8 32. Qc2 Bxf3 33. Bxf3 Qxf3 34.
Nd3 Bxc3 35. Rc5 Bd4 36. Rxc7 Re2 37. Rc8+ Rxc8 38. Qxc8+ Kg7 39. Qc4 Re4 40.
Re1 Rxe1+ 41. Nxe1 Qxg4 42. Nc2 Qd1+ 43. Ka2 Bf6 44. Qxa4 h5 45. Qe4 Qg4 46.
Qxg4 hxg4 47. Ne3 g3 48. Ng2 Bd4 49. b4 Kf6 50. Kb3 Ke5 51. Kc4 Ke4 52. a4 f5
53. a5 f4 54. Nxf4 Kxf4 55. Kxd4 g2 0-1

[Event "Julian Mazur Memorial"]
[Site "Wellington Chess Club"]
[Date "2019.09.05"]
[Round "6.2"]
[White "Forster, Bill"]
[Black "Winter, Ryan"]
[Result "0-1"]
[WhiteElo "2017"]
[BlackElo "2087"]

1. d4 g6 { I wasn't entirely sure what to play, so I decided to try something
new, whats the worst that can happen? } 2. e4 Bg7 3. Nc3 { Now this was quite
surprising. I expected Bill to play c4, which might be more in the spririt of a
d4 player, instead of Nc3. } 3... d6 4. g3 $5 a6 { I didn't particuluarly know
how to play the modern, but I've seen this kind of idea before and it looked
good to me then. } 5. Bg2 b5 6. Nge2 (6. e5 c6 (6... Ra7 { Looks weird, but it
looks better than c6, as the natural Be3 allows Nh6 } 7. Be3 Nh6 8. d5 Ra8) )
6... Bb7 7. O-O e6 (7... Nd7 8. Be3 c5 { Was maybe another way to play, where
we might get into a strange dragon type of structure. } )  (7... Nf6 $4 {
Stepping into the way of e5 } 8. e5 $18 Bxg2 9. exf6 Bxf1 10. fxg7 Rg8 11. Qxf1
Rxg7 { And black's position is truly awful. } ) 8. a4 $5 b4 9. Na2 a5 10. c3
bxc3 $5 { During the game, I reasoned that all of the recaptures I was fine
with; taking back on c3 with either of the knights gives me a target on b2 and
a weak square on b4, and taking with the c pawn might give me a square to play
with on } 11. Naxc3 { Okay, at least I have something to aim for, the pawn on
b2. } 11... Ne7 12. Re1 $5 O-O 13. Be3 Nbc6 14. Qd2 (14. d5 $5 { In the game I
wasn't really afraid of this because I can take and go Nb4, but } 14... exd5
15. exd5 Nb4 16. Bd4 $14 { And we have an interesting situation, where white
has a weakness on d5 and black has a weakness on c7, but since black can't
really attack d5 much more, white has a very nice position. White can build up
with Qd2, Nd4 and Rac1 if allowed. } ) 14... Rb8 15. Rac1 Ba6 16. Bf1 $2 Rb4 $1
{ Attacking d4, a4, and preparing Qb8 ideas next, pressuring b2. } 17. Ra1 $2 (
17. Na2 $1 { In the game I didn't think this worked tactically, but it does for
white: } 17... Rxa4 18. b3 (18. Nec3 Rxd4 19. Bxd4 Nxd4) 18... Ra3 19. Qb2 {
And white wins the trapped rook, getting an exchange. Black is still doing well
as he can take on a2 followed by Bxe2, and take the pawn on d4 } 19... Rxa2 20.
Qxa2 Bxe2 21. Bxe2 Nxd4 22. Bxd4 Bxd4 23. Qxa5 c5 24. Qxd8 Rxd8 { And for the
moment, white cannot go Ra1, so black can probably drum enough counterplay up
for a draw } 25. Red1 Rb8 26. Rb1 Nc6 $14) 17... Qb8 18. Ra2 $4 (18. Rab1 { and
white survives, but he has a terrible position, black can build up with Qb7,
and I still can play f5 if I need to open some lines; for example } 18... f5
19. Bg2 fxe4 $1 20. Bxe4 d5 21. Bg2 Qe8 $17 (21... Nf5 $2 22. Nxd5) ) 18... Bc4
{ 0-1 White resigns } 0-1

[Event "Julian Mazur Memorial"]
[Site "Wellington Chess Club"]
[Date "2019.09.05"]
[Round "6.3"]
[White "Croad, Nicolas"]
[Black "Stone, Andrew"]
[Result "1-0"]
[WhiteElo "2442"]
[BlackElo "2078"]

1. d4 Nf6 2. c4 g6 3. Nc3 d5 4. Nf3 Bg7 5. Qa4+ c6 6. cxd5 Nxd5 7. e4 Nxc3 8.
bxc3 O-O 9. Qa3 Bg4 10. Bg5 Qc7 11. e5 c5 (11... Bxf3 12. gxf3 c5 13. Rc1 Rd8
14. Bb5 a6 15. O-O h6 16. Be3 Nc6 17. Bxc6 Qxc6 18. Qxc5 Qxf3 19. Qxe7 $10) 12.
Be2 b6 (12... cxd4 13. cxd4 Nc6 14. Rc1 (14. Be3) 14... Qd7 15. Be3 Bxf3 16.
Bxf3 Nxd4 17. Bxd4 Qxd4 $15) 13. O-O Nc6 14. h3 Be6 15. Rad1 f6 (15... cxd4 16.
cxd4 Bd5 17. Rc1 Qd7 18. Bb5 Rfc8 19. Bxc6 Bxc6 20. Qxe7 Qf5 21. Rxc6 Rxc6 22.
d5 {Interesting continuation} ) 16. exf6 exf6 17. d5 Bxd5 18. Rxd5 fxg5 19. Qa4
Rf4 {Active looking move  but made my life difficult after the knight reached
g5}  (19... Bf6 {this is what the computer preferred. Although, it's
prolly difficult to defend with black's king exposed in a major pieces
endgame.} 20. Nxg5 Bxg5 21. Rxg5 Rad8 $14) 20. Bc4 (20. Qd1 Kh8 21. Nxg5 (21.
Rd7 Qc8 22. Bb5 Rf5 $14) 21... Qe7 22. h4 Rxh4 23. g3) 20... Kh8 21. Nxg5 Re8
22. g3 Rf6 23. Bb5 h6 24. Bxc6 Qxc6 (24... Rxc6 25. Nf7+ Kh7 26. Nd8 $1 $18 (
26. Rd6 Rc8 {This was what Nick was hoping for as the position          remains
tricky. Luckily for me I chose the game continuation (it          was literally
a toss of the coin for me)} ) ) 25. Nf7+ Kh7 (25... Kg8 26. Qxc6 Rxc6 27. Rd7
Rf6 28. Nd6 Re2 29. Nc8 Rf7 30. Rxa7 Rxa7 31. Nxa7 Bxc3 $17) 26. Qxc6 Rxc6 27.
Rd7 Rce6 28. Rfd1 R6e7 29. c4 Kg8 (29... Bd4 30. Rxe7 Rxe7 31. Nd6 Re2 $17) 30.
Nd8 Bf6 31. Nc6 Re1+ (31... Rxd7 32. Rxd7 Re6 33. Nxa7 Re4 34. Rd6 Kf7 35. Rxb6
Rxc4 $14) 32. Rxe1 Rxe1+ 33. Kg2 Re4 34. Rxa7 Rxc4 35. Ra6 b5 $6 (35... Rc2 36.
Rxb6 Rxa2 37. Nb4 cxb4 38. Rxf6 Kg7 39. Rb6 Rb2 $10) 36. Na5 Ra4 37. Rxf6 Rxa5
38. Rxg6+ Kh7 39. Rc6 b4 40. g4 Kg7 41. h4 Rxa2 42. Rxc5 b3 43. Rb5 b2 44. Kg3
h5 45. f3 hxg4 46. fxg4 $6 (46. Kxg4 {probably gives black less chance} ) 46...
Ra3+ 47. Kf4 Rh3 $4 {The mistake that sealed black's fate}  (47... Ra4+ 48. Kg5
(48. Kf3 Ra3+ 49. Ke2 Ra4 $10) 48... Ra5 $1 {As Nick pointed out after the
game} ) 48. h5 Rh2 49. Kg5 Rg2 50. Rb7+ Kg8 51. Kf5 Rh2 52. Kg6 Kf8 53. h6 Rd2
54. Rb8+ Ke7 55. h7 Rd8 56. Rxb2 1-0

[Event "Julian Mazur Memorial"]
[Site "Wellington Chess Club"]
[Date "2019.09.05"]
[Round "6.4"]
[White "Nijman, Brian"]
[Black "Jackson, Ross"]
[Result "1-0"]
[WhiteElo "2212"]
[BlackElo "1964"]

1. d4 Nf6 2. Bg5 d5 3. Nf3 c6 4. e3 Bf5 5. Ne5 Nbd7 6. Bd3 Bxd3 7. cxd3 e6 8.
O-O Qc7 9. Nc3 Nxe5 10. dxe5 Qxe5 11. Bf4 Qf5 12. Qb3 b6 13. Qa4 Rc8 14. Qa6 e5
15. Bxe5 Be7 16. e4 dxe4 17. Bxf6 gxf6 18. Qxa7 Bc5 19. Nxe4 O-O 20. Nxc5 Qxc5
21. Qa4 Rfd8 22. Rac1 Qd4 23. Qxd4 Rxd4 24. Rfd1 c5 25. Rc4 Rd5 26. b4 Ra8 27.
bxc5 bxc5 28. a4 Rb8 29. g3 Rb2 30. Rf4 Ra2 31. Rc1 Ra3 32. Rcc4 f5 33. d4 cxd4
34. Rcxd4 Ra5 35. Kg2 Kg7 36. Kh3 Kg6 37. Kh4 h6 38. Rd6+ f6 39. Rdd4 h5 40.
Rb4 Ra7 41. Kh3 Ra2 42. Kg2 Ra1 43. Rfd4 Ra8 44. h4 Ra3 45. Rf4 Ra6 46. Rfc4
Ra2 47. Kf1 Ra1+ 48. Kg2 Ra3 49. Kf1 Ra2 50. Kg1 {Can't read the rest} 1-0

[Event "Julian Mazur Memorial"]
[Site "Wellington Chess Club"]
[Date "2019.09.05"]
[Round "6.5"]
[White "Brockway, Andrew"]
[Black "Nyberg, Michael"]
[Result "0-1"]
[WhiteElo "1836"]
[BlackElo "2104"]

1. e4 e5 2. Nf3 Nc6 3. Bb5 a6 4. Bxc6 dxc6 5. O-O Bd6 6. d4 Bg4 7. dxe5 Bxf3 8.
Qxf3 Bxe5 9. Nc3 Qe7 10. Bf4 Nf6 11. Bxe5 Qxe5 12. Rad1 O-O 13. Qg3 Qe7 14.
Rfe1 Rad8 15. Qf3 Qb4 16. Rxd8 Rxd8 17. Rd1 Re8 18. b3 h6 19. h3 a5 20. a4 b6
21. Rd3 b5 22. axb5 cxb5 23. Nd5 Nxd5 24. Rxd5 c6 25. Rd7 Rf8 26. e5 Qe1+ 27.
Kh2 Qxe5+ 28. g3 Qc5 29. Rc7 Qxc2 30. Rxc6 Qd2 31. Kg2 a4 32. bxa4 bxa4 33. Ra6
Qd7 34. Qe4 Re8 35. Qxa4 Qd5+ 36. Kh2 Re1 37. Ra8+ Kh7 38. Qc2+ f5 39. f3 Qxa8
40. Qxf5+ Kg8 0-1

[Event "Julian Mazur Memorial"]
[Site "Wellington Chess Club"]
[Date "2019.09.05"]
[Round "6.6"]
[White "Sole, Michael"]
[Black "He, Paul"]
[Result "1-0"]
[WhiteElo "2008"]
[BlackElo "1885"]

1. e4 c5 2. Nf3 g6 3. d4 cxd4 4. Qxd4 Nf6 5. Nc3 d6 6. e5 Nc6 7. Qa4 dxe5 8.
Nxe5 Bd7 9. Nxd7 Qxd7 10. Be3 e5 11. Rd1 Qg4 12. Nb5 Bb4+ 13. c3 O-O 14. h3 Qe4
15. cxb4 Nxb4 16. Nc3 Nc2+ 17. Ke2 Qxa4 18. Nxa4 Rfd8 19. Rxd8+ Rxd8 20. g3 Ne4
21. Nc3 1-0

[Event "Julian Mazur Memorial"]
[Site "Wellington Chess Club"]
[Date "2019.09.05"]
[Round "6.7"]
[White "Pomeroy, Arthur"]
[Black "Ross, Matt"]
[Result "1-0"]
[WhiteElo "2074"]
[BlackElo "1867"]

1. e4 c5 2. Nf3 Nc6 3. d4 cxd4 4. Nxd4 g6 5. Nc3 a6 6. Be3 Bg7 7. Bc4 e6 8. Bb3
Nge7 9. O-O O-O 10. Qd2 d5 11. exd5 Nxd5 12. Nxd5 exd5 13. Rad1 Re8 14. c3 Nxd4
15. Bxd4 Bg4 16. f3 Be6 17. Bxg7 Kxg7 18. Qd4+ Kg8 19. Rfe1 Qc7 20. Re5 Rad8
21. Kf2 Qa5 22. h4 h5 23. g4 hxg4 24. fxg4 b6 25. h5 Qc5 26. hxg6 fxg6 27. Qxc5
bxc5 28. Bxd5 Kg7 29. c4 Bxg4 30. Rde1 Rxe5 31. Rxe5 Kf6 32. Re3 Rh8 33. Ra3
Bf5 34. Rxa6+ Ke5 35. Bg2 Kd4 36. b3 Rh2 37. Kg3 Rh5 38. Kf2 Rh2 39. Rd6+ Kc3
40. Kg3 Rh5 41. Rd5 Kb4 42. Rd8 Rg5+ 43. Kf2 Bb1 44. a4 Bc2 45. Rb8+ Kc3 46. a5
Rf5+ 47. Ke3 Re5+ 48. Kf4 Rf5+ 49. Kg4 Bd1+ 50. Kg3 Rf7 51. a6 Ra7 52. Bb7 Bxb3
53. Ra8 Rxa8 54. Bxa8 Bxc4 55. a7 Bd3 56. Bf3 c4 57. a8=Q Kd2 58. Qa2+ Kc1 59.
Qa1+ Kc2 60. Kf2 Bf5 61. Ke3 Kb3 62. Kd4 Kb4 63. Bc6 Bc2 64. Qc3# 1-0

[Event "Julian Mazur Memorial"]
[Site "Wellington Chess Club"]
[Date "2019.09.05"]
[Round "6.8"]
[White "Mullan, Brett"]
[Black "Benitez, Edgar"]
[Result "0-1"]
[WhiteElo "1825"]
[BlackElo "2040"]

1. e4 e5 2. Nf3 Nc6 3. Bb5 a6 4. Ba4 Nf6 5. O-O b5 6. Bb3 Be7 7. Re1 d6 8. c3
O-O 9. h3 Na5 10. Bc2 c5 11. d4 Qc7 12. b3 Nc6 13. a3 Ne8 14. d5 Nd8 15. Be3 f5
16. exf5 Bxf5 17. Nbd2 Qd7 18. Bxf5 Qxf5 19. Nf1 Qf7 20. Qd3 Nf6 21. Nxe5 Qxd5
22. Qxd5+ Nxd5 23. Nd7 Re8 24. c4 Nf6 25. Nxf6+ Bxf6 26. Rad1 Nf7 27. Ng3 Bc3
28. Re2 g6 29. Rd3 b4 30. f3 Re6 31. Ne4 Bg7 32. Kf2 bxa3 33. Bc1 a5 34. Ra2
Bd4+ 35. Ke2 Ne5 36. Rd1 Nc6 37. Rxa3 Nb4 38. Bd2 Nc6 39. Bf4 Rf8 40. Bxd6
Rxe4+ 41. fxe4 Rf2+ 42. Kd3 Nb4# 0-1

[Event "Julian Mazur Memorial"]
[Site "Wellington Chess Club"]
[Date "2019.09.05"]
[Round "6.9"]
[White "Chen, Wei Kai"]
[Black "He, Caleb"]
[Result "1/2-1/2"]
[WhiteElo "1965"]
[BlackElo "1922"]

1. e4 c5 2. Nc3 g6 3. f4 Bg7 4. Nf3 Nc6 5. Bc4 e6 6. O-O Nge7 7. d3 O-O 8. Qe1
Nd4 9. Nxd4 cxd4 10. Ne2 d5 11. Bb3 a5 12. a3 dxe4 13. dxe4 b6 14. Ng3 a4 15.
Bc4 Ba6 16. Bxa6 Rxa6 17. Qe2 Ra7 18. f5 Nc6 19. Qb5 Ne5 20. Bf4 Ra5 21. Qb4
Nd7 22. Rad1 e5 23. Bd2 Qc7 24. c3 d3 25. Be3 Rc8 26. Qe7 Bf6 27. Qb4 Bg7 28.
Qe7 Bf6 29. Qb4 Bg7 30. Qe7 1/2-1/2

[Event "Julian Mazur Memorial"]
[Site "Wellington Chess Club"]
[Date "2019.09.05"]
[Round "6.10"]
[White "Nicholls, Alistair"]
[Black "Laking, Robert"]
[Result "1-0"]
[WhiteElo "1844"]
[BlackElo "1968"]

1. e4 c5 2. d4 cxd4 3. c3 d3 4. Bxd3 d6 5. f4 Nc6 6. Nf3 g6 7. O-O Bg7 8. Be3
e6 9. Nbd2 Nge7 10. a4 a5 11. Nc4 O-O 12. Qe1 d5 13. Bb6 Qe8 14. Nd6 Qd7 15. e5
Nf5 16. Nb5 f6 17. g4 Nh6 18. exf6 Bh8 19. Qh4 Nf7 20. Rae1 Nd6 21. Nc7 Rb8 22.
Nxe6 Rxf6 23. Nfg5 Qe7 24. f5 Bxe6 25. Rxe6 Rxe6 26. fxe6 Ne5 27. Bc5 Rd8 28.
Rf7 Nexf7 29. exf7+ Kg7 30. Qxh7+ Kf6 31. Qxg6+ Ke5 32. Bd4+ (32. Bxd6+) 32...
Kf4 33. Nh3+ Kf3 34. Ng5+ Kf4 35. Ne6+ Kf3 36. g5 Bxd4+ 37. Nxd4+ Kf4 38. Ne6+
Kf3 39. Qh5+ Ke3 40. Qe2# 1-0

[Event "Julian Mazur Memorial"]
[Site "Wellington Chess Club"]
[Date "2019.09.05"]
[Round "6.11"]
[White "Sellen, Ian"]
[Black "Van der Hoorn, Thomas"]
[Result "1-0"]
[WhiteElo "2024"]
[BlackElo "1807"]

1. c4 e5 2. Nc3 Nf6 3. g3 Bc5 4. Bg2 Nc6 5. Nf3 d6 6. O-O O-O 7. Na4 Bb4 8. a3
Ba5 9. b4 Bb6 10. c5 dxc5 11. bxc5 Ba5 12. Bb2 Re8 13. d3 Bg4 14. h3 Bh5 15.
Qb3 b6 16. g4 Bg6 17. Qb5 Qd7 18. Nh4 Re6 19. Nxg6 hxg6 20. Bxe5 Rae8 21. Bxf6
Rxf6 22. e3 Ne5 23. Qxd7 Nxd7 24. cxb6 Nxb6 25. Nc5 Bc3 26. Ra2 Be5 27. Rc1 Rd8
28. d4 Bd6 29. Ne4 Re6 30. Nxd6 cxd6 31. Rc7 a5 32. Rb7 Nc4 33. Bd5 Rc8 34. Rc2
Rf6 35. Rxc4 Rxc4 36. Bxc4 Rf3 37. Kg2 Rf6 38. f4 d5 39. Bxd5 Kf8 40. Kg3 Rd6
41. Bxf7 Rc6 42. Kf3 Rc3 43. Rb3 Rc7 44. Bxg6 a4 45. Rb4 Rc6 46. f5 Ke7 47.
Rxa4 Kd6 48. Ke4 1-0

[Event "Julian Mazur Memorial"]
[Site "Wellington Chess Club"]
[Date "2019.09.05"]
[Round "6.12"]
[White "Carroll, Lewis"]
[Black "Tanoi, Edward"]
[Result "0-1"]
[WhiteElo "1422"]
[BlackElo "2013"]

1. Nf3 c5 2. e4 d6 3. g3 Nf6 4. Nc3 a6 5. Bg2 Nc6 6. Nd5 $2 Nxe4 7. O-O e6 8.
Re1 exd5 9. d3 Be7 10. dxe4 dxe4 11. Rxe4 O-O 12. h4 d5 13. Re2 Bg4 14. Qd2 Bf6
15. Qf4 Qd7 16. Bd2 $2 Bxb2 17. Rb1 Bf6 18. Rd1 Bxf3 $1 19. Bxf3 Nd4 {White
resigns} 0-1

[Event "Julian Mazur Memorial"]
[Site "Wellington Chess Club"]
[Date "2019.09.05"]
[Round "6.13"]
[White "Wevers, Alexis"]
[Black "Lyall, Gordon"]
[Result "0-1"]
[WhiteElo "1798"]
[BlackElo "1945"]

1. c4 c6 2. Nc3 d5 3. cxd5 cxd5 4. d4 Nf6 5. Nf3 Nc6 6. g3 Bg4 7. Ne5 e6 8. Bg5
Bf5 9. Qa4 Qb6 10. Nxc6 bxc6 11. Rc1 Be7 12. Bg2 O-O 13. b3 h6 14. Bf4 c5 15.
dxc5 Bxc5 16. O-O Rac8 17. Qb5 Ba3 18. Qxb6 axb6 19. Nb5 Bxc1 20. Rxc1 Rxc1+
21. Bxc1 Rc8 22. Be3 Rc2 23. a4 Rxe2 24. h4 Re1+ 25. Bf1 Bd3 26. Bxb6 Bxf1 27.
Nd4 Ng4 28. Nf3 Rd1 29. Ba5 Bc4+ 0-1

[Event "Julian Mazur Memorial"]
[Site "Wellington Chess Club"]
[Date "2019.09.05"]
[Round "6.14"]
[White "Aldridge, Alan"]
[Black "Stoeveken, Peter"]
[Result "0-1"]
[WhiteElo "1922"]
[BlackElo "1827"]

1. d4 c5 2. c3 e6 3. e4 d5 4. exd5 Qxd5 5. Nf3 Nc6 6. Be2 Nf6 7. O-O Be7 8. Na3
a6 9. Nc2 O-O 10. Ne3 Qd8 11. Bd3 b5 12. dxc5 Bxc5 13. Qc2 Bb7 14. Rd1 Qc7 15.
Ng5 g6 16. Qe2 Ne5 17. Bc2 Qc6 18. Qf1 Rfd8 19. Bd2 Rd7 20. a4 Rad8 21. axb5
axb5 22. Bc1 Neg4 23. Rxd7 Rxd7 24. Nxg4 Nxg4 25. Nh3 Bd6 26. Nf4 Bc5 27. Nh3
Bd6 28. Bf4 Bxf4 29. Nxf4 Rd2 30. Bd1 Rxf2 31. Bxg4 Rxf1+ 32. Rxf1 e5 33. Bf3
Qb6+ 0-1

[Event "Julian Mazur Memorial"]
[Site "Wellington Chess Club"]
[Date "2019.09.05"]
[Round "6.15"]
[White "Winfield, Alan"]
[Black "Ackroyd, William"]
[Result "1-0"]
[WhiteElo "1906"]
[BlackElo "1277"]

1. d4 e6 2. Bf4 c5 3. c3 Nf6 4. e3 Be7 5. Nd2 b6 6. Ngf3 Bb7 7. Bd3 O-O 8. h3
Nd5 9. Bg3 Nc6 10. O-O f5 11. e4 fxe4 12. Nxe4 Nf6 13. Nd6 Bc8 14. Qe2 Ne8 15.
Nxc8 Qxc8 16. d5 exd5 17. Rfe1 Bf6 18. Ba6 Qd8 19. Bb7 Nc7 20. Bxa8 Nxa8 21.
Rad1 Nc7 22. Bxc7 Qxc7 23. Rxd5 Ne7 24. Rd2 d5 25. Qe6+ 1-0

[Event "Julian Mazur Memorial"]
[Site "Wellington Chess Club"]
[Date "2019.09.05"]
[Round "6.16"]
[White "Hurndell, Robert"]
[Black "Farrington, Lawrence"]
[Result "1-0"]
[WhiteElo "1545"]
[BlackElo "1706"]

1. d4 d5 2. Bf4 Nf6 3. h3 e6 4. Nf3 Bd6 5. Bxd6 Qxd6 6. c3 O-O 7. e3 b6 8. Nbd2
Ba6 9. Bxa6 Nxa6 10. O-O c5 11. Qa4 Nc7 12. Rac1 Qd7 13. Qc2 c4 14. Ne5 Qe8 15.
e4 b5 16. exd5 Ncxd5 17. Ne4 Nxe4 18. Qxe4 Rc8 19. a3 Rc7 20. g3 Qa8 21. Qf3
Nf6 22. Qxa8 Rxa8 23. Rfe1 Nd5 24. f4 Kf8 25. Kf2 g6 26. Kf3 Re8 27. h4 Nf6 28.
Ng4 Nd5 29. Ne3 Nb6 30. Rc2 Rce7 31. h5 Kg7 32. Rh1 Rh8 33. h6+ Kf8 34. Ng4 Nd5
35. Ne5 f6 36. Nc6 Rc7 37. Nb4 Nxb4 38. axb4 f5 39. Re2 Kf7 40. Re5 a6 41. Rhe1
Rc6 42. d5 exd5 43. Rxd5 Kf6 44. Ree5 Rf8 45. Ke3 Rf7 46. Kd4 Re7 47. Rxe7 Kxe7
48. Re5+ Kf6 49. Kd5 Rc8 50. Re6+ Kf7 51. Rxa6 Rd8+ 52. Rd6 Re8 53. Kc5 Re3 54.
Kxb5 Rxg3 55. Kxc4 Rg4 56. Rd4 g5 57. fxg5 Kg6 58. b5 f4 59. b6 Kxg5 60. b7
Kxh6 61. b8=Q Kg5 62. Qe5+ 1-0

[Event "Julian Mazur Memorial"]
[Site "Wellington Chess Club"]
[Date "2019.09.05"]
[Round "6.17"]
[White "Osborne, Geoff"]
[Black "Webster, Jamie"]
[Result "0-1"]
[WhiteElo "1287"]
[BlackElo "1701"]

1. e4 e5 2. Nf3 Nc6 3. Bc4 Bc5 4. c3 Nf6 5. d3 d6 6. O-O O-O 7. Re1 a6 8. a4
Ba7 9. Na3 Nh5 10. h3 Qf6 11. Be3 Bxe3 12. Rxe3 Nf4 13. Qf1 Qg6 14. Kh2 Kh8 15.
Ng1 f5 16. Rae1 Qh6 17. Ne2 fxe4 18. Nxf4 Qxf4+ 19. Kg1 exd3 20. Bxd3 Qxa4 21.
Re4 Qb3 22. Qe2 Qf7 23. Rh4 Bf5 24. Bxf5 Qxf5 25. Nc2 g6 26. Ne3 Qf6 27. g3 Ne7
28. Ng4 Qe6 29. Ne3 Nf5 30. Nxf5 Qxf5 31. Rc4 Rf7 32. g4 Qf6 33. Kg2 d5 34. Ra4
Raf8 35. Rf1 e4 36. Qe3 Qf3+ 37. Qxf3 Rxf3 38. b4 e3 39. Ra2 Kg7 40. Rc2 Kh6
41. c4 dxc4 42. h4 R3f4 43. f3 Rd8 44. Kg3 Rfd4 45. Re1 Re8 46. f4 b5 47. Rce2
Rd3 48. Kf3 Kg7 49. Rxe3 Rexe3+ 50. Rxe3 Rxe3+ 51. Kxe3 Kf6 52. Kd4 Ke6 53. Kc5
c3 0-1

[Event "Julian Mazur Memorial"]
[Site "Wellington Chess Club"]
[Date "2019.09.05"]
[Round "6.18"]
[White "Rabina, Romeo"]
[Black "Shepherd, Blake"]
[Result "1/2-1/2"]
[WhiteElo "1647"]
[BlackElo "1000"]

1. b3 d5 2. e3 c5 3. Bb2 Nc6 4. Bb5 e6 5. Bxc6+ bxc6 6. Ne2 Nf6 7. d3 Be7 8.
Nd2 O-O 9. c4 Qd6 10. O-O Rd8 11. cxd5 cxd5 12. Rc1 Ng4 13. Nf3 e5 14. h3 e4
15. dxe4 dxe4 16. Qxd6 Rxd6 17. hxg4 exf3 18. Nf4 Bxg4 19. Ba3 fxg2 20. Kxg2
Ra6 21. Bxc5 Bxc5 22. Rxc5 Rxa2 23. Rc7 Rb2 24. Rb7 Bc8 25. Rb4 Ba6 26. Rc1 Rc8
27. Ra1 Bc4 28. Rxa7 Bxb3 29. Rab7 g5 30. Rxb3 Rxb3 31. Rxb3 gxf4 32. e4 Rc4
33. Kf3 Rc2 34. Rb5 Kg7 35. Rf5 Rc6 36. Kxf4 Rf6 37. Kg4 Kg6 38. Rg5+ Kh6 39.
Rh5+ 1/2-1/2

[Event "Julian Mazur Memorial"]
[Site "Wellington Chess Club"]
[Date "2019.09.05"]
[Round "6.19"]
[White "Dixon, Hamish"]
[Black "Darr, Samuel"]
[Result "1-0"]
[WhiteElo "1681"]
[BlackElo "1567"]

1. e4 e6 2. d4 d5 3. e5 c5 4. Be3 Qb6 5. b3 Nc6 6. c3 cxd4 7. cxd4 Bb4+ 8. Ke2
Bd7 9. a3 Ba5 10. b4 Bxb4 11. axb4 Qxb4 12. Qd2 Qb6 13. f4 Rc8 14. Nf3 Nb4 15.
Na3 f6 16. Kf2 Ne7 17. Be2 Nf5 18. Rhc1 fxe5 19. Rxc8+ Bxc8 20. Bb5+ Bd7 21.
Bxd7+ Kxd7 22. Nxe5+ Ke7 23. Rb1 g5 24. Nd3 Nxd4 25. Nxb4 Nb3 26. Rxb3 d4 27.
Nd5+ 1-0

[Event "Julian Mazur Memorial"]
[Site "Wellington Chess Club"]
[Date "2019.09.05"]
[Round "6.20"]
[White "Quayle, Jamie"]
[Black "Theodosiou, Andreas"]
[Result "1-0"]
[WhiteElo "1683"]
[BlackElo "1336"]

1. d4 Nf6 2. Nf3 d5 3. Bf4 e6 4. e3 Bd6 5. Bg3 O-O 6. Bd3 Ne4 7. Nbd2 Nxg3 8.
hxg3 f5 9. Ne5 Nd7 10. Qh5 Nf6 11. Qe2 c5 12. c3 Bd7 13. O-O-O a6 14. g4 Bxe5
15. dxe5 Nxg4 16. f4 b5 17. Rh3 d4 18. cxd4 cxd4 19. exd4 Qa5 20. Kb1 Qb6 21.
Nb3 a5 22. Rc1 a4 23. Nc5 Rfd8 24. Nxd7 Rxd7 25. Bxb5 Rxd4 26. Rc6 Qb7 27. Rhc3
a3 28. bxa3 Re4 29. Qb2 Rd8 30. Qb3 Re1+ 31. Rc1 Red1 32. Qxe6+ 1-0

[Event "Julian Mazur Memorial"]
[Site "Wellington Chess Club"]
[Date "2019.09.05"]
[Round "6.21"]
[White "Ashe, Michael"]
[Black "Asher, Bruce"]
[Result "1-0"]
[WhiteElo "1662"]
[BlackElo "1178"]

1. d4 d5 2. c4 dxc4 3. Nf3 Nf6 4. e3 b5 5. a4 a6 6. axb5 Bb7 7. Bxc4 Qd7 8. Ne5
Qd6 9. Bxf7+ Kd8 10. O-O e6 11. Bh5 Qe7 12. Nf7+ Kd7 13. Nxh8 g6 14. Bxg6 Qg7
15. Nf7 Bd6 16. Ne5+ Ke7 17. f3 axb5 18. Rxa8 Bxa8 19. Bd3 b4 20. Qa4 Bb7 21.
Bd2 Nd5 22. Qb5 Nb6 23. Bxb4 Ba6 24. Bxd6+ Kxd6 25. Qb4+ 1-0

[Event "Julian Mazur Memorial"]
[Site "Wellington Chess Club"]
[Date "2019.09.05"]
[Round "6.22"]
[White "Cooke, Xandi"]
[Black "Singh, Amrit"]
[Result "0-1"]
[WhiteElo "1512"]
[BlackElo "1000"]

1. d4 c6 2. e4 d5 3. e5 b5 4. Nf3 b4 5. c3 a5 6. a3 bxc3 7. Nxc3 Bg4 8. Be2 e6
9. O-O Ne7 10. Bg5 Qd7 11. b4 Ng6 12. h3 Bxf3 13. Bxf3 h6 14. Bd2 axb4 15. axb4
Rxa1 16. Qxa1 Qb7 17. Na2 Be7 18. Bh5 O-O 19. Bxg6 fxg6 20. Qd1 Qa7 21. Nc3
Qxd4 22. b5 Qxe5 23. bxc6 Nxc6 24. Qg4 d4 25. Nb1 g5 26. Na3 Bxa3 27. Ra1 Bd6
28. Ra6 d3 29. Rxc6 Qh2+ 0-1